| 000 | 01143cam a2200253 4500 | ||
|---|---|---|---|
| 008 | 031113n2003 000 0 eng u | ||
| 020 | _a1860816134 | ||
| 035 | _a(Sirsi) u124325 | ||
| 041 | _aeng | ||
| 050 |
_a690.25 _c18 |
||
| 110 | _aBuilding Research Establishment | ||
| 245 |
_aTilt of low-rise buildings _bwith particular reference to progressive foundation movement |
||
| 260 |
_aWatford _bBRE _c2003 |
||
| 300 |
_a8p. _c30cm. |
||
| 350 | _a10.50 | ||
| 490 |
_aBRE Digest _v475 |
||
| 520 | _aProvides guidance to property valuers, building professionals and insurance advisors on assessing the significance of tilt of low-rise buildings resulting from foundation movement. Complements BRE Digest 251, "Assessment of damage in low-rise buildings with particular reference to progressive foundation movement" (ISBN 0851254616). | ||
| 650 | _aLOW-RISE BUILDINGS | ||
| 650 | _aBUILT ENVIRONMENT-BUILDING ELEMENTS-COMPLETE BUILDING ELEMENTS-FOUNDATIONS | ||
| 650 | _aBUILDING DEFECTS | ||
| 690 | _aBUILDING AND CONSTRUCTION-DEFECTS AND FAILURES | ||
| 710 |
_aUnited Kingdom _bOffice of the Deputy Prime Minister |
||
| 942 | _n0 | ||
| 999 |
_c103202 _d103202 |
||